000 00537nam a22001817a 4500
003 OSt
005 20191007134639.0
008 180309b xxu||||| |||| 00| 0 spa d
040 _cPJ
100 _9491
_aGuitton, Henri
245 1 0 _aFluctuaciones económicas /
_cHenri Guitton.
260 _aBuenos Aires :
_bLa Ley,
_c1965.
300 _a360 p.
_c24 cm.
500 _aCitas y notas bibliográficas a pie de página.
650 0 _9300
_aECONOMIA POLITICA
650 0 _9492
_aCICLOS
942 _2udc
_cLIB
999 _c420
_d420